No full stops in India / (Record no. 35407)

MARC details
000 -LEADER
fixed length control field 00466 2200169 4500
008 - FIXED-LENGTH DATA ELEMENTS--GENERAL INFORMATION
fixed length control field 100424t xxu||||| |||| 00| 0 eng d
020 ## - INTERNATIONAL STANDARD BOOK NUMBER
International Standard Book Number 9780140104806
Terms of availability 350.00
037 ## - SOURCE OF ACQUISITION
Source of stock number/acquisition UBH
040 ## - CATALOGING SOURCE
Original cataloging agency DPL
100 ## - MAIN ENTRY--PERSONAL NAME
Personal name Tully, Mark
245 ## - TITLE STATEMENT
Title No full stops in India /
Statement of responsibility, etc by Mark Tully
260 ## - PUBLICATION, DISTRIBUTION, ETC. (IMPRINT)
Name of publisher, distributor, etc Penguin Books
Date of publication, distribution, etc 1991
270 ## - ADDRESS
Address 11, Community Centre, Panchsheel Park
City New Delhi
Postal code 110017
300 ## - PHYSICAL DESCRIPTION
Extent 336p, :
Dimensions 22 cm. (Pbk)
942 ## - ADDED ENTRY ELEMENTS (KOHA)
Item type English Books
Source of classification or shelving scheme Dewey Decimal Classification
Call number suffix TUL

No items available.


© Delhi Public Library
Hit Counter
free hit counter